Statistiques concernant Elimination par catégorie - football #1

Cliquez ici pour prendre le quiz!

Statistiques générales

  • Ce quiz a été pris 158 fois
  • Le résultat moyen est 1 sur 6

Statistiques - réponses

Catégorie 1% Correct
... qui comporte un Y1- Lyon
100%
club européen ...542
Bordeaux; Tigres; Feyenoord
- Boca Juniors
- PSV
- Atletico Paranaense
- Aston Villa
- Porto
- Nice
- Benfica
- Internacional
- Espanyol
- Burnley
- Roma
- Brighton & Hove Albion
- Newcastle United
- Chicago Fire
- Schalke
- Rennes
- Sevilla
- West Ham
- Crystal Palace
- Spartak Moscow
- Lazio
- Toronto
- Milan
- New York City FC
- Ajax
- Marseille
- Southampton
- Athletic Bilbao
- New York Red Bulls
- Zenit Saint Petersburg
- Wolverhampton
- Everton
- Fulham
- Shakhtar Donetsk
- Inter
- Napoli
- Monaco
- Valencia
- Leicester City
- Lyon
- RB Leipzig
- Borussia Dortmund
- Bayer Leverkusen
- Atletico Madrid
- Liverpool
- Chelsea
- Juventus
- Manchester United
- Barcelona
- Real Madrid
- Arsenal
- Tottenham
- Bayern Munich
- Paris Saint-Germain
- Manchester City
2%
... qui n'a seulement 4 lettres ...3- Nice
- Lyon
- Roma
2%
... qui est anglais, italien ou français ...196- Bordeaux
- Aston Villa
- Porto
- Nice
- Benfica
- Internacional
- Roma
- Brighton
- Newcastle United
- Rennes
- West Ham
- Crystal Palace
- Lazio
- Toronto
- Milan
- Marseille
- Southampton
- Wolverhampton
- Everton
- Fulham
- Inter
- Napoli
- Monaco
- Valencia
- Leicester City
- Lyon
- Liverpool
- Chelsea
- Juventus
- Manchester United
- Arsenal
- Tottenham
- Paris Saint-Germain
- Manchester City
1%
... ainsi qu'un animal ...11
- Manchester United
- Valencia
- Leicester City
- Lyon
- Liverpool
- Roma
- Brighton
- Newcastle
- Rennes
- Nice
1%
... comportant du rouge sur son logo ...31- Paris Saint-Germain
- Manchester United
- Arsenal
- Monaco
- Valencia
- Leicester City
- Lyon
- Liverpool
- Fulham
- Southampton
- Toronto
- Roma
- Brighton
- Newcastle United
- Rennes
- West Ham
- Nice
- Aston Villa
1%

Distribution des résultats

Percentile par nombre de réponses

% des personnes avec chaque résultat

Votre développement - résultats

Vous n’avez pas pris ce quiz